| 000 | 00438nam a2200133Ia 4500 | ||
|---|---|---|---|
| 008 | 231129s9999||||xx |||||||||||||| ||spa|| | ||
| 020 | _a84-7634-031-1 | ||
| 040 | _bspa | ||
| 082 | _a335.2 S153c | ||
| 100 | _aSaint-Simon Louis de Rouvroy Conde de | ||
| 245 | 0 | _aCatecismo politico de los industriales (precedido de la vida de Saint-Simon escrita por el mismo) | |
| 264 | _aOrbis | ||
| 942 |
_2ddc _cBKS |
||
| 999 |
_c6786 _d6786 |
||